• 首页
  • 本馆介绍
  • 公告通知
  • 最新文献
  • 馆藏检索
  • 电子资源
  • 读者导购
  • 参考咨询
  • 我的图书馆
  • 登录
  • 详细信息显示
  • 放入我的书架
  • 预约/预借图书
  • 作者相关作品
  • 分类相关作品
  • 丛书相关作品
  • 出版社相关作品

书目信息

  • 表格格式
  • 工作单格式
  • 卡片格式
题名:
系统网络与计算:多变量法
    
 
作者: 阿坦斯 著 ;宗孔德 译
分册:  
出版信息: 北京   人民教育出版社  1979
页数: 402页
开本: 26cm
丛书名:
单 册:
中图分类: TM744
科图分类:
主题词: 电力系统--模拟 , 电力系统计算
电子资源:
ISBN:
000 00696nam0 2200229 450
001 0660334484
005 20060705164748.03
010    @dCNY2.20
100    @a20060705d1979 km y0chiy0120 ea
101 0  @achi@ceng
102    @aCN@b110000
102    @aCN@b110000
200 1  @a系统网络与计算:多变量法@Axi tong wang luo yu ji suan:duo bian liang fa@f(美)M·阿坦斯著@F(mei)M·a tan si zhu@g宗孔德等译@Gzong kong de deng yi
210    @a北京@c人民教育出版社@d1979
215    @a402页@d26cm
606 0  @a电力系统@x模拟
606 0  @a电力系统计算
690    @aTM744@v3
701  0 @a阿坦斯@Aa tan si@4著
702  0 @a宗孔德@Azong kong de@4译
801  0 @aCN@bPFT@c20060705
905    @a10447@dTM744@e20
    
    系统网络与计算:多变量法/(美)M·阿坦斯著/宗孔德等译.-北京:人民教育出版社,1979
    402页;26cm
    
    
    ISBN :CNY2.20
    
●
相关链接 在E读中查询图书 在五车中查询图书 在当当中查询图书 在豆瓣中查询图书


正题名:系统网络与计算:多变量法     索取号:TM744/20         预约/预借

序号 登录号 条形码 馆藏地/架位号 状态 备注
1 0421417   204214171   密集书库/ [索取号:TM744/20] 在馆    
唐山师范学院图书馆 欢迎您!
大连网信软件有限公司© 版权所有